El desarrollo desigual: ensayo sobre las formaciones sociales del capitalismo periférico
Kaydedildi:
| Yazar: | |
|---|---|
| Materyal Türü: | Kitap |
| Dil: | İspanyolca |
| Baskı/Yayın Bilgisi: |
Barcelona
Fontanella
1978
|
| Edisyon: | 3a. ed |
| Seri Bilgileri: | Libros de Confrontación. Economía, 2
|
| Konular: | |
| Etiketler: |
Etiketle
Etiket eklenmemiş, İlk siz ekleyin!
|
MARC
| LEADER | 00000nam a2200000 a 4500 | ||
|---|---|---|---|
| 001 | UCP7686 | ||
| 003 | CL-VaPUC | ||
| 008 | 991217e19780000SP |||||||||||||||||spa|d | ||
| 082 | 0 | 4 | |a 330.122 |b AMI |2 21 |
| 100 | 0 | |a Amin, Samir |e author |9 437272 | |
| 245 | 1 | 3 | |a El desarrollo desigual: ensayo sobre las formaciones sociales del capitalismo periférico |
| 250 | |a 3a. ed | ||
| 300 | |a 397 p | ||
| 942 | |c BK | ||
| 945 | |d 19991217 00:00:00 |a crobeson | ||
| 260 | |a Barcelona |b Fontanella |c 1978 | ||
| 650 | 0 | |a Capitalismo |9 255255 | |
| 650 | 7 | |a SISTEMAS ECONOMICOS |2 CL-VaPUC |9 437273 | |
| 650 | 0 | |a Factores de producción |9 365052 | |
| 650 | 0 | |a Acumulación de capital |9 383921 | |
| 650 | 7 | |a SISTEMAS MONETARIOS |2 CL-VaPUC |9 342366 | |
| 650 | 0 | |a Desarrollo económico y social |9 256320 | |
| 583 | |a last modification |c 19991217 00:00:00 |k Rodrigo Vera | ||
| 490 | 0 | |a Libros de Confrontación. Economía, 2 | |
| 999 | |c 284803 |d 284801 | ||
| 952 | |0 0 |1 0 |4 0 |6 330_122000000000000_AMI_1978 |7 0 |8 A |9 329041 |a BIBHIS |b BIBHIS |d 2019-11-20 |i 1373749 |o 330.122 AMI 1978 |p 1373749 |r 2025-01-20 |w 2019-11-20 |y BK |k HIS | ||